ស្វែងយល់ពីអាស៊ាន / (Record no. 1503)
[ view plain ]
| 000 -LEADER | |
|---|---|
| fixed length control field | 01785nam a22003017a 4500 |
| 005 - DATE AND TIME OF LATEST TRANSACTION | |
| control field | 20231003084811.0 |
| 020 ## - INTERNATIONAL STANDARD BOOK NUMBER | |
| International Standard Book Number | 9789924340317 |
| 040 ## - CATALOGING SOURCE | |
| Original cataloging agency | FISKH |
| Language of cataloging | eng |
| Transcribing agency | FISKH |
| Modifying agency | FISKH |
| 082 ## - DEWEY DECIMAL CLASSIFICATION NUMBER | |
| Classification number | 305.895 |
| 100 ## - MAIN ENTRY--PERSONAL NAME | |
| Personal name | Vichika, Khoun |
| 245 ## - TITLE STATEMENT | |
| Title | ស្វែងយល់ពីអាស៊ាន / |
| Statement of responsibility, etc. | និពន្ធដោយ ឃួន វិច្ឆិកា |
| 250 ## - EDITION STATEMENT | |
| Edition statement | បោះពុម្ពលើកទី ៤ ខែ កក្កដា ឆ្នាំ ២០២២ |
| 260 ## - PUBLICATION, DISTRIBUTION, ETC. | |
| Place of publication, distribution, etc. | Phnom Penh : |
| Name of publisher, distributor, etc. | Sipar, |
| Date of publication, distribution, etc. | 2022. |
| 300 ## - PHYSICAL DESCRIPTION | |
| Extent | 52 pages : |
| Other physical details | maps; color illustrations ; |
| Dimensions | 20 cm |
| 490 ## - SERIES STATEMENT | |
| Series statement | ខ្ញុំចង់ដឹង |
| 505 ## - FORMATTED CONTENTS NOTE | |
| Formatted contents note | Z'<br/> |
| 520 ## - SUMMARY, ETC. | |
| Summary, etc. | ការស្វែងយល់អំពីអាស៊ាន បង្ហាញពីទិដ្ឋភាពទូទៅនៃប្រទេសអាស៊ាន រួមមានភូមិសាស្ត្រ ប្រវត្តិសាស្រ្ត សេដ្ឋកិច្ច និងលក្ខណៈពិសេសនៃប្រទេសនីមួយៗ ជាពិសេសអ្វីដែលគួរធ្វើ និងមិនគួរធ្វើ។<br/> |
| 520 ## - SUMMARY, ETC. | |
| Summary, etc. | Getting to know about ASEAN shows the overview of ASEAN countries including geography, history, economy and specialty of each country, especially dos and don’ts. |
| 521 ## - TARGET AUDIENCE NOTE | |
| Target audience note | 1000<br/> |
| Source | Lexile estimate<br/> |
| 521 ## - TARGET AUDIENCE NOTE | |
| Target audience note | Z'<br/> |
| Source | Raz-Plus<br/> |
| 650 ## - SUBJECT ADDED ENTRY--TOPICAL TERM | |
| Topical term or geographic name entry element | ប្រទេសជាសមាជិកអាស៊ាន |
| Form subdivision | លក្ខណៈពិសេស |
| General subdivision | ភូមិសាស្រ្ត |
| 650 ## - SUBJECT ADDED ENTRY--TOPICAL TERM | |
| Topical term or geographic name entry element | ASEAN countries |
| Form subdivision | Specialty |
| General subdivision | Geography |
| 700 ## - ADDED ENTRY--PERSONAL NAME | |
| Personal name | Visoth, Seng |
| Titles and other words associated with a name | illustrator |
| 700 ## - ADDED ENTRY--PERSONAL NAME | |
| Personal name | Sinat, Sin |
| Titles and other words associated with a name | illustrator |
| 700 ## - ADDED ENTRY--PERSONAL NAME | |
| Personal name | Rotha, Ouk |
| Titles and other words associated with a name | illustrator |
| 942 ## - ADDED ENTRY ELEMENTS (KOHA) | |
| Source of classification or shelving scheme | Dewey Decimal Classification |
| Koha item type | Books |
| Suppress in OPAC | No |
| 999 ## - | |
| -- | 1503 |
| -- | 1503 |
| Withdrawn status | Lost status | Source of classification or shelving scheme | Damaged status | Not for loan | Collection | Home library | Current library | Shelving location | Date acquired | Total Checkouts | Full call number | Barcode | Date last seen | Copy number | Price effective from | Koha item type |
|---|---|---|---|---|---|---|---|---|---|---|---|---|---|---|---|---|
| Dewey Decimal Classification | Khmer Non-Fiction / សៀវភៅខ្មែរ រឿងពិត | Footprints International School Library Network Toul Kork Campus | Footprints International School Library Network Toul Kork Campus | 08/30/2023 | VIC 305.895 | 2023-0413 | 08/30/2023 | 1 | 08/30/2023 | Books | ||||||
| Dewey Decimal Classification | Khmer Non-Fiction / សៀវភៅខ្មែរ រឿងពិត | Footprints International School Library Network Toul Kork Campus | Footprints International School Library Network Toul Kork Campus | 08/30/2023 | VIC 305.895 | 2023-0414 | 08/30/2023 | 2 | 08/30/2023 | Books |
